Legislatívne východiská, národné a medzinárodné aktivity rozvoja ďalšieho vzdelávania bakalárska práca

Saved in:
Bibliographic Details
Main Author: Kucirková, Natália
Corporate Author: Fakulta podnikového manažmentu EU. Katedra manažmentu
Other Authors: Matulčíková, Marta, 1964-
Format: Book
Language:Slovak
Published: Bratislava 2011
Tags: Add Tag
No Tags, Be the first to tag this record!

MARC

LEADER 00000nbm a2200000 4500
001 0140090
005 20161109111704.4
041 0 |a slo 
044 |a SK 
245 1 0 |a Legislatívne východiská, národné a medzinárodné aktivity rozvoja ďalšieho vzdelávania  |b bakalárska práca  |c Natália Kucirková ; školiteľ: Marta Matulčíková 
264 1 |a Bratislava  |c 2011 
300 |a 49 s. 
100 1 |a Kucirková, Natália 
700 1 |a Matulčíková, Marta, 1964- 
710 2 |a Fakulta podnikového manažmentu EU. Katedra manažmentu